| 000 | 00654nam a22002057a 4500 | ||
|---|---|---|---|
| 999 |
_c15341 _d15341 |
||
| 003 | AR-CdUCM | ||
| 008 | 190426b ||||| |||| 00| 0 spa d | ||
| 040 |
_aMUNICIPALIDAD PROVINCIAL DEL CUSCO _cBIBLIOTECA MUNICIPAL DEL CUSCO |
||
| 082 |
_aES / 373 / _bAG32 |
||
| 100 |
_aAguirre, Jose Francisco _934384 |
||
| 245 | _aEl Libro del fuego / | ||
| 260 |
_aMadrid : _bEl globo de colores, _c1958. |
||
| 300 |
_a102 paginas ; _bIlustraciones, graficos, dibujos _c31 cm. |
||
| 500 | _aLiteratura para jovenes | ||
| 650 |
_aLiteratura _983 |
||
| 650 |
_aHistoria _9136 |
||
| 700 |
_aArroyo, Martin _934385 |
||
| 942 |
_2ddc _cLIBROS |
||
| 945 |
_apjha _d2019-0-26 |
||